Statistics for Pokemon - Steel Type

Click here to take the quiz!

General Stats

  • This quiz has been taken 47 times
    (23 since last reset)
  • The average score is 77 of 87

Answer Stats

GenerationSecondary TypeAnswer% Correct
VI-FormGhostAegislash (Blade Forme)
100%
VI-FormGhostAegislash (Shield Forme)
100%
IIIRockAggron
100%
III-MegaAggron (Mega)
100%
IIIRockAron
100%
IVRockBastiodon
100%
IIIPsychicBeldum
100%
VDarkBisharp
100%
IVPsychicBronzong
100%
IVPsychicBronzor
100%
VIGhostDoublade
100%
VBugDurant
100%
VIGhostHonedge
100%
IIIRockLairon
100%
IElectricMagnemite
100%
IElectricMagneton
100%
IVElectricMagnezone
100%
IIIPsychicMetagross
100%
III-MegaPsychicMetagross (Mega)
100%
IIIPsychicMetang
100%
VDarkPawniard
100%
IIBugScizor
100%
II-MegaBugScizor (Mega)
100%
IVRockShieldon
100%
IIFlyingSkarmory
100%
IIGroundSteelix
100%
II-MegaGroundSteelix (Mega)
100%
VIIIFlyingCorviknight
92%
VIII-GmaxFlyingCorviknight (Gigantamax)
92%
IV-FormDragonDialga (Altered Forme)
92%
IV-FormDragonDialga (Origin Forme)
92%
VIIIDragonDuraludon
92%
VIII-GmaxDragonDuraludon (Gigantamax)
92%
IVWaterEmpoleon
92%
VGrassFerroseed
92%
VGrassFerrothorn
92%
IIBugForretress
92%
VI-HDragonGoodra (Hisuian)
92%
IVFireHeatran
92%
VKlang
92%
VIFairyKlefki
92%
VKlink
92%
VKlinklang
92%
IVFightingLucario
92%
IV-MegaFightingLucario (Mega)
92%
IIIFairyMawile
92%
III-MegaFairyMawile (Mega)
92%
I-AIceSandshrew (Alolan)
92%
I-AIceSandslash (Alolan)
92%
VI-HDragonSliggoo (Hisuian)
92%
I-AGroundDiglett (Alolan)
85%
I-AGroundDugtrio (Alolan)
85%
VBugEscavalier
85%
VGroundExcadrill
85%
IXGroundIron Treads
85%
VIIGrassKartana
85%
I-GMeowth (Galarian)
85%
VIIIPerrserker
85%
V-GGroundStunfisk (Galarian)
85%
VIIElectricTogedemaru
85%
IV-FormBugWormadam (Trash Cloak)
85%
VIIFlyingCelesteela
77%
VFightingCobalion
77%
VIIICopperajah
77%
VIII-GmaxCopperajah (Gigantamax)
77%
VIIICufant
77%
IIIPsychicJirachi
77%
VIIFairyMagearna
77%
VIIMelmetal
77%
VII-GmaxMelmetal (Gigantamax)
77%
VIIMeltan
77%
IVRockProbopass
77%
IIIRegisteel
77%
IXPoisonRevavroom
77%
IXFairyTinkatink
77%
IXFairyTinkaton
77%
IXFairyTinkatuff
77%
IXPoisonVaroom
77%
VIII-FormFairyZacian (Crowned Sword)
77%
VIII-FormFightingZamazenta (Crowned Shield)
77%
VBugGenesect
69%
IXDarkKingambit
69%
VII-FormPsychicNecrozma (Dusk Mane)
69%
VIIPsychicSolgaleo
69%
VIIRockStakataka
69%
IXGhostGholdengo
54%
IXOrthworm
46%

Score Distribution

Percentile by Number Answered

Percent of People with Each Score

Your Score History

You have not taken this quiz since the last reset